000 00569nam a22001817a 4500
999 _c18436
_d18436
008 200807b xxu||||| |||| 00| 0 eng d
020 _a0765624949
050 _aHD76.5
_b.H33 2011 c.1
100 _aHackett, Steven C.
245 _aEnvironmental and Natural Resources Economics
_bTheory, policy, and the sustainable society
_cSteven C. Hackett
250 _a4th ed.
260 _aNew York
_bRoutledge
_c2011
300 _axx, 475p.
650 _aEnvironmental Economics
650 _aNatural resources
650 _aEnvironmental policy
942 _2lcc
_cBK